| 000 | 00829nam a22002417a 4500 | ||
|---|---|---|---|
| 999 |
_c11890 _d11890 |
||
| 003 | AR-CdUCM | ||
| 008 | 190405b ||||| |||| 00| 0 spa d | ||
| 040 |
_aMUNICIPALIDAD PROVINCIAL DEL CUSCO _cBIBLIOTECA MUNICIPAL DEL CUSCO |
||
| 082 |
_a869.56 / _bC545 / 1954 |
||
| 100 |
_a Chocano, José Santos _911262 |
||
| 245 | _aObras completas / | ||
| 260 |
_aMexico D. F. : _bAguilar, _c1954. |
||
| 300 |
_a1770 páginas ; _c18 cm. |
||
| 505 | _aContenido: Versos de adolescencia -- Iras santas -- En la aldea -- El hombre sin mundo ... | ||
| 650 |
_aPoesías _92272 |
||
| 650 |
_aLiteratura peruana _9169 |
||
| 650 |
_aLiteratura latinoamericana _91143 |
||
| 650 |
_aSiglo XX _98 |
||
| 650 |
_aObras completas _95231 |
||
| 700 |
_aSanchez, Luis Alberto (compilador) _929490 |
||
| 942 |
_2ddc _cLIBROS |
||
| 945 |
_acmm _d2019-04-05 |
||